Estatísticas para Os 15 principais países afetados pela Covid-19 - 24 de novembro 2021

Clique aqui para jogar o quiz

Estatísticas Gerais

  • Esse quiz foi jogado 14 vezes
  • A pontuação média é 17 de 28

Estatísticas das Respostas

país% Correto
Brasil
100%
Espanha
100%
Estados Unidos
100%
França
100%
Itália
100%
México
100%
Argentina
92%
Rússia
92%
Alemanha
85%
Índia
85%
Colômbia
77%
Irão
69%
Países Baixos
69%
Reino Unido
69%
Bélgica
62%
Turquia
62%
Indonésia
46%
Chéquia
38%
Croácia
38%
Israel
38%
Sérvia
38%
Suécia
38%
Eslovénia
31%
Lituânia
31%
Bahrein
23%
Estônia
23%
Letónia
23%
Geórgia
15%

Distribuição das Pontuações

Percentil de Números Respondidos

Porcentagem de Pessoas com Cada Pontuação

Sua Pontuação Histórica

Você não jogou esse quiz